000 00321nam a2200109Ia 4500
001 1276678
005 20260417160452.0
008 260417s9999 xx 000 0 und d
020 _a9786059604284
245 0 _aEkşilina'nın Hayret Verici Maceraları 2: Mucize Beklerken
_cFinn-Ole Heinrich
260 _bTudem Yayınları
999 _c1276678
_d1276678